000 01574 a2200229 4500
001 41312
005 20260407155707.0
008 260407a2016 arg spa d
003 AR-UNSa-BCEJYS
040 _aAR-UNSa-BCEJYS
_bspa
_cAR-UNSa-BCEJYS
080 _a347.925
_xConciliación. Avenencia (Mediación)
245 1 0 _aMediación
_pAspectos fundamentales
020 _a978-987-3953-04-0
264 1 _aBuenos Aires :
_bErreius
_c2016
300 _a112 p.
_c26 cm.
505 _a1. La mediación familiar y los mediadores familiares / Diana T. Eilbaum - 2. Cuando las parejas se separan, los mediadores transforman sus conflictos / Ema Berardo - 3. La suspensión de la prescripción en la mediación. La caducidad de la instancia de mediación. Leyes 26589, 24240 y 26994 / María Quintana - 4. Proiceso de mediación en el ámbito nacional / Cecilia Figueira - 5. Honorarios del mediador / María E. Franzone - 6. Mediación organizacional empresaria / Mónica Fernández Arhex - 7. Derecho del consumo. Cambio de paradigma / María del Rosario Saavedra - 8. Mediación penal en tiempos de cólera / Beatriz E. Avila - 9. Proceso de mediación en el ámbito de la provincia de Buenos Aires / Cecilia Figueira - 10. Diferencias entre ley de mediación de la provincia de Buenos Aires (L: 13951) y la ley de Nación (L: 26589) / María E. Franzone
041 _aspa
942 _cBK
590 _aniveau_biblio:m niveau_hierar:0
100 1 _aFranzone, María Elena
856 4 1 _uhttps://biblioeco.unsa.edu.ar/pmb/images/libros/E00025.jpg
_yImagen de portada
_qimage/jpeg
999 _c3455
_d3455